Villa del Rosario de Cúcuta 1821 (Registro nro. 321345)

Detalles MARC
000 -ENCABEZADO
Número de control [NR] 01217nam a22002537a 4500
005 - FECHA Y HORA DE LA ÚLTIMA TRANSACCIÓN
control field 20220617121722.0
008 - DE LONGITUD FIJA DE DATOS DE ELEMENTOS - INFORMACIÓN GENERAL
Elementos de longitud fija [NR] 220617s2021 ck ||||fr|||| 001 0 spa d
020 ## - NUMERO INTERNACIONAL NORMALIZADO PARA LIBROS [R]
Número Internacional Normalizado del libro [NR] 9789585154162
040 ## - FUENTE DE CATALOGACION [NR]
Agencia de catalogación original [NR] CO-BoUCM
Idioma de catalogación [NR] spa
Quien Cataloga Sandra Yazo
Quien Clasifica Sandra Yazo
041 0# - CODIGO DE IDIOMA [R]
Código de idioma para texto/pista de sonido o título separado [R] Español
082 ## - NUMERO DE CLASIFICACION DECIMAL DEWEY [R]
Número de la edición [NR] 20
Número de clasificación [R] 342.861.029
092 ## - SIGNATURA TOPOGRAFICA LOCAL
Número de clasificación local E63N126
100 1# - ASIENTO PRINCIPAL--NOMBRE PERSONAL [NR]
ID Autoridad 66234
Nombre personal [NR] Zuluaga Gil, Ricardo
245 10 - MENCION DE TITULO [NR]
Título [NR] Villa del Rosario de Cúcuta 1821
Parte restante del título [NR] Antecedentes, desarrollo y consecuencas de un congreso fundacional
Mención de responsabilidad, etc. [NR] Ricardo Zuluaga Gil
260 ## - PUBLICACION, DISTRIBUCION, ETC. (PIE DE IMPRENTA) [R]
Lugar de publicación, distribución, etc. [R] Bogotá (Colombia)
Nombre del editor, distribuidor, etc. [R] Academia Colombiana de Historia
Fecha de publicación, distribución, etc. [R] 2021
300 ## - DESCRIPCION FISICA [R]
Extensión [R] 188 páginas
Dimensiones [R] 24 x 17 cm.
500 ## - NOTA GENERAL [R]
Nota general [NR] Detalles físicos: Encuadernación flexible, rustica, impresa en varias tintas. Portada y páginas preliminares en una sola tinta. Texto impreso en una columna con notas al pie de página, algunas ilustraciones entre el texto.
506 ## - NOTA DE RESTRICCIONES DE ACCESO [R]
Condiciones de acceso [NR] Consulta en sala.
586 ## - NOTA DE PREMIOS [R]
Nota de premios [NR] Segundo premio nacional de historia "Bicentenario del Congreso Constituyente y Legislativo de Villa del Rosario, 1821-2021"
650 #7 - ASIENTO SECUNDARIO DE MATERIA - TERMINO TEMATICO [R]
9 (RLIN) 71932
Término temático o nombre geográfico como elemento de entrada [NR] Colombia
Subdivisión de forma [R] Historia
Subdivisión cronológica [R] 1819-1831
650 #7 - ASIENTO SECUNDARIO DE MATERIA - TERMINO TEMATICO [R]
9 (RLIN) 122366
Término temático o nombre geográfico como elemento de entrada [NR] Congreso de Cúcuta
Subdivisión cronológica [R] 1821
690 ## - ASUNTO AGREGADO LOCAL DE ENTRADA - TÉRMINO TEMÁTICO (OCLC, RLIN)
Acceso temático local Historia de Colombia
9 (RLIN) 26508
942 ## - ELEMENTOS DE ENTRADA AGREGADOS (KOHA)
Sistema de clasificación LOCAL
Tipo de ítem principal el descrito en 300a Libro
Edición 1
Clasificación E63N126
Existencias
Suprimido Perdido Sistema de clasificación Dañado No prestable Tipo de ítem específico Ubicación habitual Ubicación actual Localización Fecha de creación Forma de adquisición Costo Total préstamos Signatura topográfica Código de barras Última vez visto Ejemplar Price effective from Tipo de ítem
    LOCAL     Libro archivo Archivo Histórico Archivo Histórico Archivo histórico 17/06/2022 Donación 0.00   E63N126 L010738 17/06/2022 Ej.1 17/06/2022 Libro